000 00403pab a2200157 454500
008 180718b1997 xxu||||| |||| 00| 0 eng d
100 _aDeacon, Robert T.
245 _aThe structure of an environmental transaction: the debt-for-nature swap
260 _c1997
300 _ap.1-24
362 _aFeb
650 _aEnvironment
700 _aMurphy, Paul
773 _aLand Economics
909 _a33581
999 _c33581
_d33581